000
00299nam a22001337a 4500
008
170328b xxu||||| |||| 00| 0 eng d
020
_a
9781450434324
041
_a
eng
080
_a
796.3
100
_a
8
101
_a
SHM
245
_a
INTRODUCTION TO KINESIOLOGY
_c
HOFFMAN, SH.J
942
_2
udc
_c
BK
999
_c
8888
_d
8888